| 000 | 00855nam a22002537a 4500 | ||
|---|---|---|---|
| 005 | 20240530110407.0 | ||
| 008 | 150204s2011 ua g 000 0 ara d | ||
| 017 |
_a2010/13857 _bمصر . دار الكتب المصرية |
||
| 020 | _a9776223244 | ||
| 040 | _aEG-CaGPL | ||
| 041 | 0 | _aara | |
| 082 | 0 | 4 |
_221 _a341.55\ _bى م |
| 100 | 0 | _aيوسف حسن يوسف | |
| 245 | 1 | 2 |
_aالمحكمة الدولية / _cيوسف حسن يوسف |
| 250 | _aط1 | ||
| 260 |
_aالقاهرة : _bالمركز القومى للاصدارات القانونية ، _c2011 |
||
| 300 |
_a291 ص ؛ _c24 سم |
||
| 650 | 0 | 4 | _aالمحاكم الدولية |
| 650 | 0 | 4 | _aالتحكيم الدولى |
| 650 | 0 | 4 | _aالمنازعات الدولية |
| 650 | 0 | 4 | _aالجرائم الدولية |
| 942 |
_2ddc _cBK |
||
| 999 |
_c60388 _d60388 |
||